000 00603nam a2200193 i 4500
001 141318
003 ES-MaACL
007 t|
008 070921s1972 fr ||||1| fre d
100 1 _aWill, Edouard.
_9116874
245 1 3 _aLe monde grec et l'orient.
_n, . T. I,
_pLe Ve siècle (510-403) /
_cpar Edouard Will.
250 _a1er éd.
260 _aParis :
_bPresse Universitaires de France,
_c1972.
300 _a715 p. ;
_c22 cm.
490 1 _aPeuples et civilisations ;
_v2
830 0 _aPeuples et civilisations ;
_v2
_9183588
852 _aES-MaACL
_jE-5628
_bR.89859
999 _c141318
_d141318